Geochemistry and petrology of the alkalic igneous complex at Magnet Cove, Arkansas, (Record no. 29726)

MARC details
000 -LEADER
fixed length control field 01144cam a22003011 4500
001 - CONTROL NUMBER
control field gs 63000249
003 - CONTROL NUMBER IDENTIFIER
control field DLC
005 - DATE AND TIME OF LATEST TRANSACTION
control field 20260227111412.0
008 - FIXED-LENGTH DATA ELEMENTS--GENERAL INFORMATION
fixed length control field 770412s1963 dcuab b f000 0 eng
010 ## - LIBRARY OF CONGRESS CONTROL NUMBER
LC control number gs 63000249
035 ## - SYSTEM CONTROL NUMBER
System control number (OCoLC)2881767
040 ## - CATALOGING SOURCE
Original cataloging agency DLC
Transcribing agency NSbSU
Modifying agency NSbSU
-- DLC
042 ## - AUTHENTICATION CODE
Authentication code premarc
050 00 - LIBRARY OF CONGRESS CALL NUMBER
Classification number QE75
Item number .P9 no. 425
100 1# - MAIN ENTRY--PERSONAL NAME
Personal name Erickson, Ralph Leroy,
Dates associated with a name 1923-
245 10 - TITLE STATEMENT
Title Geochemistry and petrology of the alkalic igneous complex at Magnet Cove, Arkansas,
Statement of responsibility, etc. by R. L. Erickson and L. V. Blade.
260 ## - PUBLICATION, DISTRIBUTION, ETC.
Place of publication, distribution, etc. Washington,
Name of publisher, distributor, etc. U.S. Govt. Print. Off.,
Date of publication, distribution, etc. 1963.
300 ## - PHYSICAL DESCRIPTION
Extent v, 95 p.
Other physical details 3 fold. maps (in pocket, 1 col.) diagrs., tables.
Dimensions 29 cm.
410 20 - SERIES STATEMENT/ADDED ENTRY--CORPORATE NAME [OBSOLETE, CAN/MARC], [LOCAL, USA]
Corporate name or jurisdiction name as entry element Geological Survey (U.S.).
Title of a work Professional paper
Volume number/sequential designation 425
500 ## - GENERAL NOTE
General note "Prepared in cooperation with the Defense Minerals Procurement Agency."
504 ## - BIBLIOGRAPHY, ETC. NOTE
Bibliography, etc. note Bibliography: p. 90-91.
650 #0 - SUBJECT ADDED ENTRY--TOPICAL TERM
Topical term or geographic name entry element Geology
Geographic subdivision Arkansas
-- Magnet Cove.
650 #0 - SUBJECT ADDED ENTRY--TOPICAL TERM
Topical term or geographic name entry element Petrology
Geographic subdivision Arkansas
-- Magnet Cove.
650 #0 - SUBJECT ADDED ENTRY--TOPICAL TERM
Topical term or geographic name entry element Igneous rocks.
650 #0 - SUBJECT ADDED ENTRY--TOPICAL TERM
Topical term or geographic name entry element Rocks
General subdivision Analysis.
700 1# - ADDED ENTRY--PERSONAL NAME
Personal name Blade, Lawrence Vernon,
Dates associated with a name 1917-
Relator term joint author
740 0# - ADDED ENTRY--UNCONTROLLED RELATED/ANALYTICAL TITLE
Uncontrolled related/analytical title Alkalic igneous complex at Magnet Cove, Arkansas

No items available.

Powered by Koha